| 000 | 00786nam a2200181 i 4500 | ||
|---|---|---|---|
| 001 | 52053 | ||
| 003 | ES-MaACL | ||
| 005 | 20230906162512.0 | ||
| 007 | t| | ||
| 008 | 030825s1882 fr ||||1| fre d | ||
| 100 | 1 |
_aChoffat, Paul. _938589 |
|
| 245 | 1 | 0 |
_aNote sur les vallées tiphoniques et les éruptions d'ophite et de teschénite en Portural / _cpar Paul Choffa ; Description des roches J. Mac-Pherson. |
| 260 |
_aLagny : _b[s.n.], _c1882 ( _fF. Aureau) |
||
| 300 |
_ap. 268-295 ; _c25 cm. |
||
| 500 | _aExtrait du Bulletin de la Société Géologique de France, 3e série, t. X, p. 267, séance du 3 avril 1882. | ||
| 700 | 1 |
_aMac-Pherson, J. ( _d1839-1902) _975045 |
|
| 852 |
_aES-MaACL _jB-7964(7) _q. - Encuadernado con otras obras _z.- Legado de Federico de Botella y de Hornos |
||
| 999 |
_c52053 _d52053 |
||